000 00461cam a22001934a 4500
005 20250605164303.0
008 250528s ||||||||||||||||||||||||d
035 _a22155
020 _a9789604698943
040 _aGR-AtMCL
_bgre
_dGR-AtMCL
_eAACR2
245 1 _aΟ ΦΙΛΑΡΑΚΟΣ
250 _a2
260 _bΤο Βημα,
_c2011
300 _a341
700 1 _aΜωπασαν Γκυ Ντε
_98021
942 _cBK
999 _c7211
_d7211